The big book of Bible games / (Record no. 2599)
[ view plain ]
| 000 -LEADER | |
|---|---|
| fixed length control field | 00958nam a2200337 a 4500 |
| 001 - CONTROL NUMBER | |
| control field | 130354 |
| 003 - CONTROL NUMBER IDENTIFIER | |
| control field | GBCCL |
| 005 - DATE AND TIME OF LATEST TRANSACTION | |
| control field | 20241126110433.0 |
| 008 - FIXED-LENGTH DATA ELEMENTS--GENERAL INFORMATION | |
| fixed length control field | 970611s1996 caua 001 0 eng d |
| 020 ## - INTERNATIONAL STANDARD BOOK NUMBER | |
| International Standard Book Number | 0830718214 |
| 020 ## - INTERNATIONAL STANDARD BOOK NUMBER | |
| International Standard Book Number | 9780830718214 |
| 035 ## - SYSTEM CONTROL NUMBER | |
| System control number | (OCoLC)ocm37048262 |
| 035 ## - SYSTEM CONTROL NUMBER | |
| System control number | (OCoLC)37048262 |
| 040 ## - CATALOGING SOURCE | |
| Original cataloging agency | WIR |
| Transcribing agency | WIR |
| Modifying agency | BAKER |
| -- | LBB |
| 049 ## - | |
| -- | LBBK |
| 050 #4 - | |
| -- | BV1536.3 |
| -- | .B5 1996 |
| 082 ## - DEWEY DECIMAL CLASSIFICATION NUMBER | |
| Classification number | 268.432 |
| Item number | BIG |
| 090 ## - LOCALLY ASSIGNED LC-TYPE CALL NUMBER (OCLC); LOCAL CALL NUMBER (RLIN) | |
| Classification number (OCLC) (R) ; Classification number, CALL (RLIN) (NR) | BV1536.3 |
| Local cutter number (OCLC) ; Book number/undivided call number, CALL (RLIN) | .B5 1996 |
| 092 ## - LOCALLY ASSIGNED DEWEY CALL NUMBER (OCLC) | |
| Classification number | J 221 BIG |
| 245 04 - TITLE STATEMENT | |
| Title | The big book of Bible games / |
| Statement of responsibility, etc. | Christy Weir, senior editor. |
| 260 ## - PUBLICATION, DISTRIBUTION, ETC. | |
| Place of publication, distribution, etc. | Ventura, CA : |
| Name of publisher, distributor, etc. | Gospel Light, |
| Date of publication, distribution, etc. | c1996. |
| 300 ## - PHYSICAL DESCRIPTION | |
| Extent | 208 p. : |
| Other physical details | ill. ; |
| Dimensions | 28 cm. |
| 500 ## - GENERAL NOTE | |
| General note | LBB15 |
| 500 ## - GENERAL NOTE | |
| General note | Reproducible. |
| 500 ## - GENERAL NOTE | |
| General note | Includes index. |
| 650 #0 - SUBJECT ADDED ENTRY--TOPICAL TERM | |
| Topical term or geographic name entry element | Games in Christian education. |
| 9 (RLIN) | 5459 |
| 650 #0 - SUBJECT ADDED ENTRY--TOPICAL TERM | |
| Topical term or geographic name entry element | Christian education |
| General subdivision | Activity programs. |
| 9 (RLIN) | 5460 |
| 650 #0 - SUBJECT ADDED ENTRY--TOPICAL TERM | |
| Topical term or geographic name entry element | Bible games and puzzles. |
| 9 (RLIN) | 1874 |
| 700 1# - ADDED ENTRY--PERSONAL NAME | |
| Personal name | Weir, Christy. |
| 9 (RLIN) | 5461 |
| 942 ## - ADDED ENTRY ELEMENTS (KOHA) | |
| Source of classification or shelving scheme | Dewey Decimal Classification |
| Koha item type | Books |
| Koha issues (borrowed), all copies | 1 |
| Withdrawn status | Lost status | Source of classification or shelving scheme | Damaged status | Not for loan | Home library | Current Library | Shelving location | Date acquired | Total checkouts | Full call number | Barcode | Date last seen | Copy number | Price effective from | Koha item type | Date last checked out |
|---|---|---|---|---|---|---|---|---|---|---|---|---|---|---|---|---|
| Dewey Decimal Classification | GRACE BIBLE COLLEGE | GRACE BIBLE COLLEGE | Ministry & Mission | 2017-09-06 | 268.432 BIG | 007860 | 2025-05-01 | c.1 | 2017-09-06 | Books | ||||||
| Dewey Decimal Classification | GRACE BIBLE COLLEGE | GRACE BIBLE COLLEGE | Ministry & Mission | 2017-09-18 | 1 | 268.432 BIG | 007861 | 2025-05-01 | c.2 | 2017-09-18 | Books | 2019-09-26 | ||||
| Dewey Decimal Classification | GRACE BIBLE COLLEGE | GRACE BIBLE COLLEGE | Ministry & Mission | 2018-04-05 | 268.432 BIG | 007870 | 2025-05-01 | c.3 | 2018-04-05 | Books | ||||||
| Dewey Decimal Classification | GRACE BIBLE COLLEGE | GRACE BIBLE COLLEGE | Ministry & Mission | 2018-04-05 | 268.432 BIG | 007874 | 2025-05-01 | c.4 | 2018-04-05 | Books | ||||||
| Dewey Decimal Classification | GRACE BIBLE COLLEGE | GRACE BIBLE COLLEGE | Ministry & Mission | 2018-07-03 | 268.432 BIG | 009111 | 2025-05-01 | c.5 | 2018-07-03 | Books | ||||||
| Dewey Decimal Classification | GRACE BIBLE COLLEGE | GRACE BIBLE COLLEGE | Ministry & Mission | 2018-07-03 | 268.432 BIG | 009112 | 2025-05-01 | c.6 | 2018-07-03 | Books |